000 01825nas a2200277Ia 4500
001 R262-R5123
003 IT-CnALBA
008 170116c99999999xx |||||||||||| ||und||
040 _aIT-CnALBA
_cIT-CnALBA
041 _aITALIANO
100 _aPIO XI, PAPA RATTI
210 _aPALESTRA DEL CLERO
222 _aPALESTRA DEL CLERO
245 0 _aPALESTRA DEL CLERO. RIVISTA DI CULTURA E VITA ECCLESIASTICA. VOL. II. 1936.
250 _a1a ed.
260 _a PA ROV. BELL.
_bISTIT. VEN. ARTI GRAF.
_c1936 [1° Ed.:1936 - Ed.Ling.Originale: 1936]
300 _a432 p.
310 _aTRIMENSILE
362 _aFascicolo: 1-18 / Anno: 15 (1936)
500 _aENCICLICA VIGILANTI CURA SUL CINEMATOGRAFO. ESSENZA DEL SACRIFICIO EUCARISTICO. REGALITÀ DI MARIA. SIMBOLO DELL'IMMAGINE DEL SACRO CUORE. PIERO G. COMMENTO AL SALMO CII. IL PARROCO E LA PARROCCHIA. RETRIBUZIONE FINALE NELL'ANTICO TESTAMENTO. DIOCESI E PARROCCHIE. NOVITÀ BIBLICHE, ROSCHINI G. SCIPIONI F. SANTI IN SOFFITTA. BALLO O CINEMATOGRAFO. CRITERIO PER LE IMMAGINI DEL SACRO CUORE. GLI ERRORI O ORRORI DI FRA CRISTOFORO. INDICE AUTORI E MATERIA. MORTIFICAZIONI, ZAGO A.
501 _aSocietà San Paolo EM - Piazza San Paolo, 14 - 12051 ALBA (CN) (non commercial uses only) ® Copyright 2017
520 _aENCICLICA VIGILANTI CURA SUL CINEMATOGRAFO. ESSENZA DEL SACRIFICIO EUCARISTICO. REGALITÀ DI MARIA. SIMBOLO DELL'IMMAGINE DEL SACRO CUORE. PIERO G. COMMENTO AL SALMO CII. IL PARROCO E LA PARROCCHIA. RETRIBUZIONE FINALE NELL'ANTICO TESTAMENTO. DIOCESI E PARROCCHIE. NOVITÀ BIBLICHE, ROSCHINI G. SCIPIONI F. SANTI IN SOFFITTA. BALLO O CINEMATOGRAFO. CRITERIO PER LE IMMAGINI DEL SACRO CUORE. GLI ERRORI O ORRORI DI FRA CRISTOFORO. INDICE AUTORI E MATERIA. MORTIFICAZIONI, ZAGO A.
650 _aECCLESIOLOGIA
942 _cCR
957 _71
999 _a49081
_bSI
_g1
_c323571
_d323571